[Event "Rilton Cup 51st"]
[Site "Stockholm"]
[Date "2024.01.04"]
[Round "8"]
[White "Vignesh, B."]
[Black "Karamsetty, Jeevan"]
[Result "1/2-1/2"]
[WhiteElo "2179"]
[BlackElo "2275"]
[PlyCount "89"]
[EventDate "2023.12.27"]
[EventType "swiss"]
[EventRounds "9"]
[EventCountry "SWE"]
[SourceTitle "CB02_2024"]
[SourceDate "2024.01.10"]
[SourceVersion "1"]
[SourceVersionDate "2024.01.10"]
[SourceQuality "1"]

1. e4 g6 2. h4 d5 3. exd5 Qxd5 4. Nc3 Qa5 5. h5 Bg7 6. d4 c5 7. dxc5 Bxc3+ 8. bxc3 Qxc3+ 9. Bd2 Qxc5 10. hxg6 hxg6 11. Rxh8 Qe5+ 12. Be2 Qxh8 13. Bf3 Qh2 14. Kf1 Be6 15. Bg4 Bd5 16. Bf3 Bc4+ 17. Be2 Qc7 18. Nf3 Nd7 19. Kg1 Ngf6 20. a4 Rc8 21. a5 Qd6 22. Bxc4 Rxc4 23. Qb1 Qc6 24. Qb3 Rg4 25. Re1 Re4 26. Rb1 Nc5 27. Qc3 Rg4 28. g3 Qd5 29. Bf4 g5 30. Re1 Ne6 31. Bxg5 Rc4 32. Qb3 Ne4 33. Be3 N4c5 34. Qb5+ Kd8 35. Ne5 Rxc2 36. Nxf7+ Kc7 37. Qe8 Qd7 38. Bf4+ Nxf4 39. Rxe7 Nh3+ 40. Kh1 Nxf2+ 41. Kg2 Ng4+ 42. Kg1 Rc1+ 43. Kg2 Rc2+ 44. Kg1 Rc1+ 45. Kg2 1/2-1/2

[Event "Sitges Sunway op 10th"]
[Site "Sitges"]
[Date "2023.12.22"]
[Round "10"]
[White "Atanasov, Anthony"]
[Black "Vignesh, B."]
[Result "1-0"]
[WhiteElo "2381"]
[BlackElo "2179"]
[PlyCount "79"]
[EventDate "2023.12.12"]
[EventType "swiss"]
[EventRounds "10"]
[EventCountry "ESP"]
[SourceTitle "CB52_2023"]
[SourceDate "2023.12.27"]
[SourceVersion "1"]
[SourceVersionDate "2023.12.27"]
[SourceQuality "1"]

1. d4 Nf6 2. Nf3 g6 3. c4 Bg7 4. Nc3 d5 5. cxd5 Nxd5 6. e4 Nxc3 7. bxc3 c5 8. Be3 Qa5 9. Qd2 Nc6 10. Rb1 a6 11. Rc1 f5 12. e5 cxd4 13. cxd4 Qxd2+ 14. Kxd2 Be6 15. Ng5 Bd5 16. Bc4 Rd8 17. f4 Bh6 18. Ne6 Bxe6 19. Bxe6 Bxf4 20. Rxc6 Bxe3+ 21. Kxe3 bxc6 22. Rc1 Kf8 23. Rxc6 Kg7 24. Rc7 Rb8 25. Rxe7+ Kh6 26. d5 Rb4 27. Kd3 Kg5 28. d6 Rd8 29. Bd5 h5 30. d7 Rbb8 31. Kd4 h4 32. Kc5 Kf4 33. Kd6 g5 34. e6 g4 35. Rg7 Rh8 36. e7 Ke3 37. Kc7 Kd4 38. Bg8 Rbxg8 39. Rxg8 Rxg8 40. d8Q+ 1-0

[Event "Benidorm Bali op-A"]
[Site "Benidorm"]
[Date "2023.12.03"]
[Round "3"]
[White "Vignesh, B."]
[Black "Moskalenko, Viktor"]
[Result "1/2-1/2"]
[WhiteElo "2179"]
[BlackElo "2427"]
[PlyCount "151"]
[EventDate "2023.12.01"]
[EventType "swiss"]
[EventRounds "9"]
[EventCountry "ESP"]
[SourceTitle "CB50_2023"]
[SourceDate "2023.12.13"]
[SourceVersion "1"]
[SourceVersionDate "2023.12.13"]
[SourceQuality "1"]

1. e4 g6 2. d4 Bg7 3. Nc3 c6 4. Nf3 d6 5. h3 Nf6 6. Bd3 0-0 7. 0-0 Nbd7 8. e5 dxe5 9. dxe5 Nd5 10. e6 fxe6 11. Ne4 N5f6 12. Qe2 Nxe4 13. Bxe4 Nc5 14. Rd1 Qe8 15. c3 Nxe4 16. Qxe4 Qf7 17. Be3 e5 18. Ng5 Qf6 19. Qc4+ Kh8 20. Ne4 Qe6 21. Qb4 b6 22. Ng5 Qf6 23. Ne4 Qe6 24. Ng5 Qf6 25. a4 h6 26. Ne4 Qf7 27. a5 c5 28. Qb5 Bf5 29. Ng3 Qe8 30. Qc4 Qc6 31. b4 Qe6 32. Qxe6 Bxe6 33. axb6 axb6 34. bxc5 bxc5 35. Bxc5 Rxa1 36. Rxa1 Rc8 37. Bb4 Bd5 38. Ra5 e6 39. f3 h5 40. Kf2 Bh6 41. Ne4 Bg7 42. Ra6 Rc4 43. Ng5 Bf6 44. Nxe6 Bxe6 45. Rxe6 Kg7 46. Ke3 Kf7 47. Ra6 e4 48. Ra7+ Ke6 49. Ra6+ Kf7 50. fxe4 Bxc3 51. Bxc3 Rxc3+ 52. Kf4 h4 53. Ra7+ Ke6 54. Ra6+ Kf7 55. Ra2 Rg3 56. Ke5 Ke7 57. Ra7+ Kd8 58. Kd6 Rd3+ 59. Ke6 Rd2 60. e5 Rxg2 61. Kf6 Rf2+ 62. Kxg6 Rf3 63. Ra4 Rxh3 64. Kf7 Rf3+ 65. Ke6 h3 66. Ra8+ Kc7 67. Rh8 Re3 68. Kf6 Kd7 69. Rh7+ Ke8 70. Rh4 Rf3+ 71. Ke6 Kf8 72. Kd7 Rd3+ 73. Ke6 Rf3 74. Kd7 Rd3+ 75. Ke6 Rf3 76. Kd7 1/2-1/2

[Event "Asia-ch Blitz U20"]
[Site "Jamshedpur"]
[Date "2023.09.15"]
[Round "6"]
[White "Liyanage, Ranindu Dilshan"]
[Black "Vignesh, B."]
[Result "1/2-1/2"]
[WhiteElo "2210"]
[BlackElo "2147"]
[PlyCount "173"]
[EventDate "2023.09.15"]
[EventType "swiss (blitz)"]
[EventRounds "9"]
[EventCountry "IND"]
[SourceTitle "EXT 2024"]
[Source "ChessBase"]
[SourceDate "2023.10.10"]
[SourceVersion "1"]
[SourceVersionDate "2023.10.10"]
[SourceQuality "1"]

1. e4 c6 2. c4 d6 3. d4 g6 4. Nc3 Bg7 5. Nf3 Bg4 6. Be3 Nd7 7. Be2 Ngf6 8. 0-0 0-0 9. h3 Bxf3 10. Bxf3 Qc7 11. Qc2 e5 12. Rad1 exd4 13. Bxd4 Rad8 14. Rfe1 Rfe8 15. b3 a6 16. g3 b5 17. cxb5 cxb5 18. Qb2 Nc5 19. Bg2 Re6 20. g4 b4 21. Nd5 Nxd5 22. Bxg7 f6 23. Rxd5 Kxg7 24. g5 Qe7 25. Qd4 Re5 26. gxf6+ Qxf6 27. Rd1 Rxd5 28. Qxd5 Re8 29. Qxd6 Qxd6 30. Rxd6 Nxe4 31. Bxe4 Rxe4 32. Rxa6 Re2 33. Ra4 h5 34. Kg2 Rc2 35. Rxb4 Rxa2 36. Kf3 Kh6 37. Rb5 Rc2 38. Kg2 h4 39. Kf3 Rc1 40. Rb8 Rd1 41. b4 Kg5 42. Rb5+ Kh6 43. Kg4 Rd4+ 44. f4 Rc4 45. Rb8 Rd4 46. b5 Rb4 47. b6 Kg7 48. Rb7+ Kh6 49. Rb8 Kg7 50. Kg5 Rb5+ 51. Kxh4 Rb4 52. Kg4 Kh6 53. h4 Kg7 54. Kg5 Rb5+ 55. Kg4 Kh7 56. Kf3 Rb4 57. Ke3 Kg7 58. Kf3 Kh7 59. Kg4 Kg7 60. Rb7+ Kh6 61. Rb8 Kg7 62. Kf3 Kh7 63. Ke3 Kg7 64. b7 Kh7 65. Kd3 Rb1 66. Ke4 Kg7 67. Ke5 Re1+ 68. Kd4 Rb1 69. Ke3 Rb4 70. Kf3 Rb1 71. Kg3 Rb5 72. Kg4 Kh7 73. Kf3 Kg7 74. Ke4 Rb1 75. Kf3 Kh7 76. Kg3 Kg7 77. Kg4 Rb5 78. h5 gxh5+ 79. Kf3 Rb3+ 80. Ke4 h4 81. Rc8 Rxb7 82. Rc3 Rb1 83. Kf3 Kg6 84. Kg4 Rb4 85. Rf3 Kf6 86. Kxh4 Kf5 87. Kg3 1/2-1/2

[Event "Asia-ch Blitz U20"]
[Site "Jamshedpur"]
[Date "2023.09.15"]
[Round "1"]
[White "Rohith, S2222"]
[Black "Vignesh, B."]
[Result "0-1"]
[WhiteElo "1481"]
[BlackElo "2147"]
[PlyCount "72"]
[EventDate "2023.09.15"]
[EventType "swiss (blitz)"]
[EventRounds "9"]
[EventCountry "IND"]
[SourceTitle "EXT 2024"]
[Source "ChessBase"]
[SourceDate "2023.10.10"]
[SourceVersion "1"]
[SourceVersionDate "2023.10.10"]
[SourceQuality "1"]

1. e4 b6 2. d4 Bb7 3. Nc3 e6 4. a3 Nf6 5. Bd3 d5 6. e5 Nfd7 7. Nf3 c5 8. 0-0 Be7 9. Re1 Nc6 10. Bf4 a6 11. h3 g5 12. Bg3 h5 13. dxc5 bxc5 14. b3 g4 15. hxg4 hxg4 16. Nh2 Bh4 17. Qxg4 Bxg3 18. Qxg3 Qe7 19. Nf3 0-0-0 20. Qg5 Qf8 21. Bf1 Rg8 22. Qh4 Ne7 23. Qa4 Qg7 24. Ne2 Nf5 25. Nf4 Qg4 26. Nh2 Qg5 27. Bxa6 Nb8 28. Bxb7+ Kxb7 29. Qb5+ Kc7 30. Qa5+ Kd7 31. Qa4+ Nc6 32. Nf1 Rh8 33. Nxd5 exd5 34. Rad1 Kc7 35. g3 Qh5 36. f4 Qf3 0-1

[Event "Asia-ch Blitz U20"]
[Site "Jamshedpur"]
[Date "2023.09.15"]
[Round "5"]
[White "Vignesh, B."]
[Black "Aswath, S."]
[Result "1-0"]
[WhiteElo "2147"]
[BlackElo "2246"]
[PlyCount "49"]
[EventDate "2023.09.15"]
[EventType "swiss (blitz)"]
[EventRounds "9"]
[EventCountry "IND"]
[SourceTitle "EXT 2024"]
[Source "ChessBase"]
[SourceDate "2023.10.10"]
[SourceVersion "1"]
[SourceVersionDate "2023.10.10"]
[SourceQuality "1"]

1. d4 Nf6 2. g3 d5 3. Bg2 c5 4. Nf3 cxd4 5. Nxd4 e5 6. Nb3 Nc6 7. 0-0 h6 8. Nc3 Be6 9. e4 d4 10. Ne2 a5 11. Bd2 a4 12. Nbc1 Be7 13. Nd3 0-0 14. h3 Qd7 15. Kh2 Bc4 16. f4 exf4 17. Nexf4 Rfe8 18. b3 Bb5 19. e5 Nh7 20. h4 Bd8 21. Bh3 Qc7 22. e6 f6 23. Qh5 Ne5 24. Nxe5 Qxe5 25. Qf7+ 1-0

[Event "Asia-ch Rapid U20"]
[Site "Jamshedpur"]
[Date "2023.09.08"]
[Round "7"]
[White "Vignesh, B."]
[Black "Dhyey, Agarwal"]
[Result "0-1"]
[WhiteElo "1984"]
[BlackElo "2178"]
[PlyCount "128"]
[EventDate "2023.09.08"]
[EventType "swiss (rapid)"]
[EventRounds "9"]
[EventCountry "IND"]
[SourceTitle "EXT 2024"]
[Source "ChessBase"]
[SourceDate "2023.10.10"]
[SourceVersion "1"]
[SourceVersionDate "2023.10.10"]
[SourceQuality "1"]

1. e4 e5 2. Nf3 Nc6 3. Nc3 Nf6 4. a3 d5 5. exd5 Nxd5 6. Bb5 Nxc3 7. bxc3 Bd6 8. 0-0 0-0 9. h3 Bf5 10. d3 a6 11. Bxc6 bxc6 12. Nd2 Re8 13. Re1 e4 14. dxe4 Bxe4 15. Nxe4 Rxe4 16. Be3 Qf6 17. Qd3 Rae8 18. Rab1 Qe6 19. Kf1 Qd5 20. Rb3 h6 21. Qxa6 Qe5 22. Qxc6 Qh2 23. Qd5 Qh1+ 24. Ke2 Qxg2 25. c4 Qxh3 26. Rg1 Qe6 27. Qxe6 R4xe6 28. a4 f5 29. Kd3 f4 30. Bd4 g5 31. c5 Be5 32. c3 Bxd4 33. cxd4 Re2 34. Rb7 Rxf2 35. Rxc7 Ra2 36. Rd7 f3 37. c6 Ra3+ 38. Kc4 Rxa4+ 39. Kb5 Ra2 40. c7 Rb2+ 41. Kc6 Rc2+ 42. Kd6 Rf8 43. Rd8 Kg7 44. d5 Rf6+ 45. Ke5 Rxc7 46. d6 Rcf7 47. d7 Rf5+ 48. Kd6 f2 49. Rf1 g4 50. Rg8+ Kxg8 51. d8Q+ Kg7 52. Qh4 h5 53. Qg3 Kg6 54. Qh4 R7f6+ 55. Ke7 Rf3 56. Rh1 R6f5 57. Rf1 Rh3 58. Qxf2 Rxf2 59. Rxf2 Rf3 60. Re2 g3 61. Re1 g2 62. Rg1 Rg3 63. Ke6 Kg5 64. Ke5 h4 0-1

[Event "Belgrade Serbia op"]
[Site "Belgrade"]
[Date "2023.07.19"]
[Round "4"]
[White "Vignesh, B."]
[Black "Mushini, Ajay"]
[Result "1-0"]
[WhiteElo "2197"]
[BlackElo "2306"]
[PlyCount "99"]
[EventDate "2023.07.16"]
[EventType "swiss"]
[EventRounds "9"]
[EventCountry "SRB"]
[SourceTitle "CBM 215 Extra"]
[Source "ChessBase"]
[SourceDate "2023.09.30"]
[SourceVersion "1"]
[SourceVersionDate "2023.09.30"]
[SourceQuality "1"]

1. e4 c5 2. Nf3 d6 3. c3 Nf6 4. Bc4 e6 5. d3 Nc6 6. Bb3 Be7 7. 0-0 0-0 8. a4 a6 9. Re1 Rb8 10. Nbd2 b5 11. axb5 axb5 12. Bc2 Bb7 13. Nf1 Ra8 14. Rxa8 Qxa8 15. Bg5 Qa2 16. Qc1 Rc8 17. Bb1 Qa5 18. Qd1 c4 19. Bxf6 Bxf6 20. dxc4 b4 21. Qxd6 bxc3 22. bxc3 Rd8 23. Qf4 Bxc3 24. Rc1 Bb2 25. Re1 Nd4 26. N3d2 e5 27. Qe3 Ba6 28. Bd3 Ne6 29. Nf3 Nf4 30. Bc2 Bxc4 31. g3 Ne6 32. Rd1 Bd4 33. Qd2 Qc5 34. Ne3 g6 35. Nxc4 Qxc4 36. Bd3 Qc5 37. Kg2 Kg7 38. Qc2 Qa7 39. Bc4 Nf8 40. Bd5 Nd7 41. Nxd4 exd4 42. Qb2 Nf6 43. Rxd4 Qe7 44. Rb4 Rd7 45. Rb6 Rd6 46. Rb7 Rd7 47. e5 Nxd5 48. e6+ Nf6 49. exd7 Qe4+ 50. f3 1-0

[Event "Belgrade Serbia op"]
[Site "Belgrade"]
[Date "2023.07.16"]
[Round "1"]
[White "Vignesh, B."]
[Black "Grigorieva, Sofia"]
[Result "1-0"]
[WhiteElo "2197"]
[BlackElo "1496"]
[PlyCount "113"]
[EventDate "2023.07.16"]
[EventType "swiss"]
[EventRounds "9"]
[EventCountry "SRB"]
[SourceTitle "EXT 2024"]
[Source "ChessBase"]
[SourceDate "2023.10.10"]
[SourceVersion "1"]
[SourceVersionDate "2023.10.10"]
[SourceQuality "1"]

1. e4 e6 2. Qe2 c5 3. Nf3 b6 4. g3 Ba6 5. d3 Nc6 6. Bg2 Nge7 7. 0-0 g6 8. h4 h5 9. Rd1 Bg7 10. c3 0-0 11. Bg5 Qc7 12. Na3 d5 13. Qe1 Rfe8 14. Nc2 Bb7 15. Rac1 Rad8 16. exd5 exd5 17. d4 c4 18. Qd2 f6 19. Bf4 Qd7 20. Re1 Nf5 21. Bh3 Bc8 22. Rxe8+ Rxe8 23. Ne3 Nce7 24. Re1 Qc6 25. Bg2 Bd7 26. Nc2 a5 27. Nh2 Kh7 28. Nf1 Bh6 29. Bxh6 Nxh6 30. Qf4 Nhf5 31. Nfe3 Kg7 32. Qf3 Nxe3 33. Nxe3 b5 34. Nxd5 Nxd5 35. Rxe8 Bxe8 36. Qxd5 Qxd5 37. Bxd5 Kf8 38. a4 b4 39. Bxc4 Bxa4 40. Kf1 bxc3 41. bxc3 Be8 42. Ke2 Ke7 43. Kd2 Kd6 44. Kc2 Kc6 45. Kb3 Kb6 46. Ka3 Kc6 47. Bb3 Kd6 48. c4 g5 49. c5+ Kc7 50. d5 gxh4 51. gxh4 Bb5 52. Bd1 Be8 53. Ba4 Bf7 54. Bc6 Bg6 55. Ka4 Bf5 56. Kxa5 Bd3 57. Kb4 1-0

[Event "Paracin op 16th"]
[Site "Paracin"]
[Date "2023.07.11"]
[Round "5"]
[White "Kheerthi, Ganta"]
[Black "Vignesh, B."]
[Result "0-1"]
[WhiteElo "2028"]
[BlackElo "2197"]
[PlyCount "120"]
[EventDate "2023.07.07"]
[EventType "swiss"]
[EventRounds "9"]
[EventCountry "SRB"]
[SourceTitle "EXT 2024"]
[Source "ChessBase"]
[SourceDate "2023.10.10"]
[SourceVersion "1"]
[SourceVersionDate "2023.10.10"]
[SourceQuality "1"]

1. d4 Nf6 2. c4 e6 3. Nc3 Bb4 4. Qc2 c5 5. dxc5 Bxc5 6. e3 0-0 7. Nf3 Nc6 8. a3 d5 9. Be2 dxc4 10. Bxc4 e5 11. 0-0 Bg4 12. Ng5 h6 13. Nge4 Nxe4 14. Qxe4 Qg5 15. h4 Qh5 16. f3 Bf5 17. Qd5 Bb6 18. g4 Bxg4 19. fxg4 Qxg4+ 20. Kh2 Qxh4+ 21. Kg2 Qg5+ 22. Kf2 Kh8 23. Rg1 Qh4+ 24. Ke2 f5 25. b3 f4 26. Qe4 Qh5+ 27. Kd3 fxe3 28. Rh1 Qg5 29. Bxe3 Bxe3 30. Qxe3 e4+ 31. Qxe4 Rad8+ 32. Bd5 Rf2 33. Rad1 Ne5+ 34. Kd4 Rd2+ 35. Rxd2 Qxd2+ 36. Kxe5 Qxc3+ 37. Kf5 Qf6+ 38. Kg4 Qg5+ 39. Kh3 Qxd5 40. Qxd5 Rxd5 41. Kg4 Rd4+ 42. Kf5 Rd3 43. Rb1 Kh7 44. a4 Rf3+ 45. Kg4 Rf6 46. Rc1 Rb6 47. Rc3 Kg6 48. Rd3 Rb4+ 49. Kh3 Kh5 50. Kg3 g5 51. Rc3 Kg6 52. Rd3 Rb6 53. Rc3 h5 54. Rd3 h4+ 55. Kh3 Kh5 56. Re3 Rc6 57. Kg2 Rc2+ 58. Kg1 g4 59. Re5+ Kg6 60. Rd5 g3 0-1

[Event "Vojvodina op 13th"]
[Site "Novi Sad"]
[Date "2023.07.04"]
[Round "8"]
[White "Blagojevic, Dragisa"]
[Black "Vignesh, B."]
[Result "1-0"]
[WhiteElo "2464"]
[BlackElo "2197"]
[PlyCount "105"]
[EventDate "2023.06.29"]
[EventType "swiss"]
[EventRounds "9"]
[EventCountry "SRB"]
[SourceTitle "CBM 215 Extra"]
[Source "ChessBase"]
[SourceDate "2023.09.30"]
[SourceVersion "1"]
[SourceVersionDate "2023.09.30"]
[SourceQuality "1"]

1. d4 Nf6 2. Nf3 e6 3. c4 d5 4. g3 dxc4 5. Bg2 Bd7 6. Qc2 Bb4+ 7. Bd2 Be7 8. Qxc4 Bc6 9. Nc3 0-0 10. 0-0 Ne4 11. Qd3 Nxd2 12. Qxd2 Bxf3 13. Bxf3 c6 14. e4 e5 15. d5 Bc5 16. Rfd1 Qf6 17. Kg2 Rd8 18. Qc2 Nd7 19. Rac1 Rac8 20. Bg4 Bd4 21. f3 cxd5 22. exd5 Qa6 23. Qe2 Qxe2+ 24. Nxe2 Rxc1 25. Rxc1 Nf6 26. Nxd4 exd4 27. Rc8 Rxc8 28. Bxc8 Nxd5 29. Bxb7 Ne3+ 30. Kf2 Nd1+ 31. Ke2 Nxb2 32. Bd5 Na4 33. Kd3 Kf8 34. Kxd4 Ke7 35. Bb3 Nb6 36. f4 f6 37. Kc5 Kd7 38. Bc2 h6 39. a4 Kc7 40. a5 Nd7+ 41. Kd5 Nf8 42. h4 g6 43. Ba4 Nd7 44. Ke6 Nc5+ 45. Kxf6 Nxa4 46. Kxg6 Nc5 47. Kxh6 Kd6 48. h5 Ne4 49. Kg6 Nxg3 50. h6 Ne2 51. Kg5 Nd4 52. h7 Ne6+ 53. Kg4 1-0

[Event "Vojvodina op 13th"]
[Site "Novi Sad"]
[Date "2023.07.01"]
[Round "4"]
[White "Fernandez, Daniel Howard"]
[Black "Vignesh, B."]
[Result "1-0"]
[WhiteElo "2518"]
[BlackElo "2197"]
[PlyCount "93"]
[EventDate "2023.06.29"]
[EventType "swiss"]
[EventRounds "9"]
[EventCountry "SRB"]
[SourceTitle "CBM 215 Extra"]
[Source "ChessBase"]
[SourceDate "2023.09.30"]
[SourceVersion "1"]
[SourceVersionDate "2023.09.30"]
[SourceQuality "1"]

1. e4 c5 2. Nf3 Nc6 3. Bb5 g6 4. Bxc6 dxc6 5. d3 Bg7 6. h3 e5 7. a4 a5 8. Be3 b6 9. Na3 Ne7 10. Qc1 h6 11. Nc4 Qc7 12. b4 axb4 13. a5 bxa5 14. Bxc5 Be6 15. Nd6+ Kd7 16. Qd2 Nc8 17. Nc4 Rd8 18. Bxb4 Bxc4 19. Bxa5 Qd6 20. dxc4 Qxd2+ 21. Kxd2 Re8 22. c5 Ke6 23. Ne1 f5 24. f3 Ne7 25. Nd3 fxe4 26. fxe4 Ng8 27. Bc7 Nf6 28. Ke3 Nd7 29. Bd6 Bf6 30. Nb4 Be7 31. Bxe7 Kxe7 32. Nxc6+ Ke6 33. Rxa8 Rxa8 34. Rd1 Nxc5 35. Nxe5 Ra4 36. Rd4 Ra2 37. Rc4 Kxe5 38. Rxc5+ Kd6 39. Kd4 Ra4+ 40. Rc4 Ra3 41. e5+ Kd7 42. Kd5 Ra1 43. e6+ Kd8 44. c3 Rd1+ 45. Ke5 Ke7 46. Rc7+ Kd8 47. Rd7+ 1-0

[Event "Veliko Gradiste Silver Lake op-A"]
[Site "Veliko Gradiste"]
[Date "2023.06.19"]
[Round "2"]
[White "Petrov, Nikita"]
[Black "Vignesh, B."]
[Result "1-0"]
[WhiteElo "2552"]
[BlackElo "2195"]
[PlyCount "73"]
[EventDate "2023.06.18"]
[EventType "swiss"]
[EventRounds "9"]
[EventCountry "SRB"]
[SourceTitle "CBM 215 Extra"]
[Source "ChessBase"]
[SourceDate "2023.09.30"]
[SourceVersion "1"]
[SourceVersionDate "2023.09.30"]
[SourceQuality "1"]

1. d4 Nf6 2. Nf3 e6 3. c4 d5 4. g3 Bb4+ 5. Bd2 a5 6. a3 Be7 7. Bg2 0-0 8. Qc2 dxc4 9. Qxc4 Nbd7 10. Nc3 Nb6 11. Qb3 c5 12. dxc5 Bxc5 13. 0-0 Bd7 14. Ne5 a4 15. Qc2 Bd6 16. Nxd7 Qxd7 17. Rfd1 Qc7 18. Rac1 Rac8 19. Be3 Be5 20. Qb1 Nc4 21. Nxa4 Qb8 22. Bc5 Rxc5 23. Nxc5 b5 24. Nd3 Bd4 25. e3 Bb6 26. b3 Nxe3 27. fxe3 Bxe3+ 28. Kh1 Bxc1 29. Qxc1 h5 30. Nb4 Ng4 31. Qc5 Rd8 32. Rf1 Qd6 33. Qxd6 Rxd6 34. a4 bxa4 35. bxa4 Ne3 36. Ra1 Nc4 37. Nc6 1-0

[Event "Veliko Gradiste Silver Lake op-A"]
[Site "Veliko Gradiste"]
[Date "2023.06.18"]
[Round "1"]
[White "Vignesh, B."]
[Black "Simhadri, Sai Hrushikesh"]
[Result "1-0"]
[WhiteElo "2195"]
[BlackElo "1826"]
[PlyCount "43"]
[EventDate "2023.06.18"]
[EventType "swiss"]
[EventRounds "9"]
[EventCountry "SRB"]
[SourceTitle "CBM 215 Extra"]
[Source "ChessBase"]
[SourceDate "2023.09.30"]
[SourceVersion "1"]
[SourceVersionDate "2023.09.30"]
[SourceQuality "1"]

1. e4 c5 2. Nf3 d6 3. c3 Nf6 4. Bc4 Nc6 5. d3 e6 6. Bb3 Be7 7. 0-0 0-0 8. Re1 b5 9. d4 cxd4 10. cxd4 e5 11. Nc3 Rb8 12. h3 a6 13. dxe5 dxe5 14. Nd5 h6 15. Be3 Bd6 16. Bb6 Qd7 17. Nxf6+ gxf6 18. Be3 Kg7 19. Nh4 Qc7 20. Qh5 Rh8 21. Rac1 Rb7 22. Bd5 1-0

[Event "Indore op 1st"]
[Site "Indore"]
[Date "2023.04.08"]
[Round "10"]
[White "Srihari, LR."]
[Black "Vignesh, B."]
[Result "1-0"]
[WhiteElo "2432"]
[BlackElo "2262"]
[PlyCount "97"]
[EventDate "2023.04.01"]
[EventType "swiss"]
[EventRounds "10"]
[EventCountry "IND"]
[SourceTitle "CBM 213 Extra"]
[Source "ChessBase"]
[SourceDate "2023.05.31"]
[SourceVersion "1"]
[SourceVersionDate "2023.05.31"]
[SourceQuality "1"]

1. d4 Nf6 2. c4 e6 3. Nf3 d5 4. Nc3 Be7 5. Bf4 c6 6. e3 Nbd7 7. h3 0-0 8. c5 b6 9. b4 bxc5 10. bxc5 Ne4 11. Nxe4 dxe4 12. Ne5 Nxe5 13. Bxe5 Ba6 14. Bxa6 Qa5+ 15. Kf1 f6 16. Bg3 Qxa6+ 17. Kg1 e5 18. dxe5 fxe5 19. Kh2 Rad8 20. Qg4 Bxc5 21. Rhc1 Ba3 22. Qe6+ Kh8 23. Rxc6 Qa5 24. Qc4 Qd2 25. Rb1 a5 26. Rb7 Bd6 27. Rcc7 Rg8 28. Rd7 Qd3 29. Qe6 Qa3 30. Rxd8 Rxd8 31. Qf7 Rg8 32. Rd7 a4 33. Bh4 Qc5 34. Bf6 Bf8 35. h4 Qb5 36. h5 a3 37. h6 Qxd7 38. hxg7+ Bxg7 39. Qxd7 Bxf6 40. Qd6 Kg7 41. Qxa3 Re8 42. Qa4 Rd8 43. Qb4 h5 44. a4 h4 45. a5 Rd7 46. a6 Bd8 47. Qb8 Bc7 48. Qb7 Rf7 49. a7 1-0

[Event "Sitges Sunway op 9th"]
[Site "Sitges"]
[Date "2022.12.21"]
[Round "9"]
[White "Dixit, Nikhil"]
[Black "Vignesh, B."]
[Result "1/2-1/2"]
[WhiteElo "2306"]
[BlackElo "2032"]
[PlyCount "74"]
[EventDate "2022.12.12"]
[EventType "swiss"]
[EventRounds "10"]
[EventCountry "ESP"]
[SourceTitle "CBM 211 Extra"]
[Source "ChessBase"]
[SourceDate "2023.01.31"]
[SourceVersion "1"]
[SourceVersionDate "2023.01.31"]
[SourceQuality "1"]

1. e4 g6 2. d4 Bg7 3. Nc3 d6 4. Nf3 a6 5. a4 Bg4 6. Be3 Nd7 7. Be2 c5 8. 0-0 Bxf3 9. Bxf3 cxd4 10. Bxd4 Ngf6 11. Ra3 0-0 12. Rb3 Qc7 13. Re1 Rab8 14. Ra3 Ne5 15. Be2 Nc4 16. Bxf6 Bxf6 17. Nd5 Qc6 18. Rf3 Kg7 19. Nxf6 exf6 20. Bxc4 Qxc4 21. Qxd6 Qxc2 22. Qxf6+ Kg8 23. b3 Rbc8 24. h4 Rc6 25. Qf4 h5 26. g3 Rc3 27. Rxc3 Qxc3 28. Qe3 Rc8 29. e5 Rc6 30. Kg2 Kf8 31. Re2 Qxe3 32. Rxe3 Ke7 33. Kf3 Rc2 34. Re2 Rc3+ 35. Re3 Rc2 36. Re2 Rc3+ 37. Re3 Rc2 1/2-1/2

[Event "Sitges Sunway op 9th"]
[Site "Sitges"]
[Date "2022.12.20"]
[Round "8"]
[White "Vignesh, B."]
[Black "Garcia Ramos, Daniel"]
[Result "0-1"]
[WhiteElo "2032"]
[BlackElo "2439"]
[PlyCount "114"]
[EventDate "2022.12.12"]
[EventType "swiss"]
[EventRounds "10"]
[EventCountry "ESP"]
[SourceTitle "CBM 211 Extra"]
[Source "ChessBase"]
[SourceDate "2023.01.31"]
[SourceVersion "1"]
[SourceVersionDate "2023.01.31"]
[SourceQuality "1"]

1. d4 Nf6 2. c4 e6 3. Nc3 d5 4. cxd5 Nxd5 5. e4 Nxc3 6. bxc3 c5 7. Nf3 cxd4 8. cxd4 Bb4+ 9. Bd2 Bxd2+ 10. Qxd2 0-0 11. Be2 b6 12. 0-0 Bb7 13. Qe3 Nd7 14. a4 Rc8 15. Nd2 Rc2 16. Bd1 Rc7 17. a5 Qc8 18. axb6 Rc3 19. Qe2 axb6 20. Ba4 Nf6 21. Rab1 Qc7 22. Rb4 Rd8 23. h3 h6 24. Rd1 Rc1 25. Rxc1 Qxc1+ 26. Kh2 Qc3 27. Rc4 Qb2 28. Qe3 b5 29. Rc2 Qb4 30. Bb3 Rxd4 31. f3 Nd7 32. Nf1 Qd6+ 33. Kg1 Kf8 34. Qf2 Nc5 35. Bd5 e5 36. Rxc5 Qxc5 37. Bxb7 g6 38. Kh2 Kg7 39. Qe2 b4 40. Bd5 Qc1 41. Qb5 Qf4+ 42. Kg1 Rd1 43. Qb7 h5 44. Kf2 Rb1 45. Qc7 Rb2+ 46. Kg1 h4 47. Qb7 Rb1 48. Kf2 Rb2+ 49. Kg1 g5 50. Qa7 Rb1 51. Kf2 g4 52. hxg4 h3 53. Qa2 Rxf1+ 54. Kxf1 h2 55. Qa7 h1Q+ 56. Kf2 Qd2+ 57. Kg3 Qdxg2# 0-1

[Event "Sitges Sunway op 9th"]
[Site "Sitges"]
[Date "2022.12.16"]
[Round "5"]
[White "Garcia Molina, Jose"]
[Black "Vignesh, B."]
[Result "0-1"]
[WhiteElo "2357"]
[BlackElo "2032"]
[PlyCount "84"]
[EventDate "2022.12.12"]
[EventType "swiss"]
[EventRounds "10"]
[EventCountry "ESP"]
[SourceTitle "CBM 211 Extra"]
[Source "ChessBase"]
[SourceDate "2023.01.31"]
[SourceVersion "1"]
[SourceVersionDate "2023.01.31"]
[SourceQuality "1"]

1. Nf3 Nf6 2. g3 g6 3. d4 Bg7 4. Bg2 c5 5. d5 d6 6. 0-0 b5 7. Re1 0-0 8. a4 b4 9. e4 Bg4 10. h3 Bxf3 11. Qxf3 a5 12. Nd2 Nbd7 13. Qe2 Nb6 14. Ra2 Re8 15. b3 e6 16. dxe6 Rxe6 17. Bb2 Nfd5 18. Bxg7 Kxg7 19. Raa1 Nc3 20. Qd3 Rc8 21. h4 Re8 22. h5 Qf6 23. Nf1 Nd7 24. Nh2 gxh5 25. Bh3 Ne5 26. Qe3 Rcd8 27. Bf5 d5 28. f3 Ng6 29. g4 dxe4 30. fxe4 hxg4 31. Nxg4 Qd4 32. Kf1 Qxe3 33. Rxe3 h5 34. Nf2 Rd2 35. Nd3 Rxc2 36. Nxc5 Rd8 37. e5 Nd5 38. Bxc2 Nxe3+ 39. Ke2 Nxc2 40. Rc1 Nd4+ 41. Ke3 Ne6 42. Nb7 Rd5 0-1

[Event "Sitges Sunway op 9th"]
[Site "Sitges"]
[Date "2022.12.13"]
[Round "2"]
[White "Dionisi, Thomas"]
[Black "Vignesh, B."]
[Result "1-0"]
[WhiteElo "2390"]
[BlackElo "2032"]
[PlyCount "39"]
[EventDate "2022.12.12"]
[EventType "swiss"]
[EventRounds "10"]
[EventCountry "ESP"]
[SourceTitle "CBM 211 Extra"]
[Source "ChessBase"]
[SourceDate "2023.01.31"]
[SourceVersion "1"]
[SourceVersionDate "2023.01.31"]
[SourceQuality "1"]

1. e4 e5 2. Nf3 Nc6 3. Bb5 a6 4. Ba4 Nf6 5. d3 b5 6. Bb3 Bc5 7. Nc3 d6 8. Nd5 h6 9. c3 0-0 10. Nxf6+ Qxf6 11. Bd5 Bb7 12. g4 Kh8 13. g5 Qg6 14. Nh4 Qh7 15. gxh6 g6 16. Rg1 Rab8 17. Qf3 Qg8 18. Qf6+ Kh7 19. Nf3 Qh8 20. Ng5+ 1-0